000 00502nam a2200181Ia 4500
008 180921t1987 xxu||||| |||| 00| 0 sin d
041 _asin
080 _a617.7-0089
_bSOM
100 _aSomarathna, A.K.
245 _aඅක්‍ෂි රෝග හා චිකිත්සා
246 _aAkshi roga haa chikithsaa
260 _bDepartment of Ayurveda
_c1987
300 _a102p., 22 cm
650 _aOphthalmology
942 _cBK
999 _c16759
_d16759
003 LK-CoDNM
040 _aLK-CoDNM
_dLK-CoDNM
_eLK-CoDNM